[Event "Göteborg Open 2016"]
[Site "Idrottsvägen 2, Mölnlycke, Sweden"]
[Date "2016.08.19"]
[Round "2.1"]
[White "Greenfeld, Alon"]
[Black "Arduin, Antoine"]
[Result "1-0"]
[BlackElo "2150"]
[WhiteElo "2568"]
[LiveChessVersion "1.4.8"]

1. d4 {[%clk 0:15:07]} Nf6 {[%clk 0:15:06]} 2. Nf3 {[%clk 0:15:09]} e6
{[%clk 0:15:06]} 3. c4 {[%clk 0:15:09]} b6 {[%clk 0:15:02]} 4. a3
{[%clk 0:14:39]} Bb7 {[%clk 0:14:47]} 5. Nc3 {[%clk 0:14:41]} d5 {[%clk 0:14:49]}
6. cxd5 {[%clk 0:14:40]} Nxd5 {[%clk 0:14:51]} 7. e3 {[%clk 0:14:37]} Be7
{[%clk 0:14:46]} 8. Bb5+ {[%clk 0:14:38]} c6 {[%clk 0:14:47]} 9. Bd3
{[%clk 0:14:41]} O-O {[%clk 0:14:44]} 10. Qc2 {[%clk 0:14:28]} h6
{[%clk 0:14:07]} 11. O-O {[%clk 0:14:12]} c5 {[%clk 0:14:06]} 12. e4
{[%clk 0:14:16]} Nxc3 {[%clk 0:14:00]} 13. bxc3 {[%clk 0:14:19]} Nc6
{[%clk 0:13:39]} 14. Bb2 {[%clk 0:13:40]} Rc8 {[%clk 0:12:55]} 15. Qe2
{[%clk 0:13:36]} cxd4 {[%clk 0:10:02]} 16. cxd4 {[%clk 0:13:35]} Na5
{[%clk 0:10:05]} 17. Rad1 {[%clk 0:13:08]} Qc7 {[%clk 0:09:31]} 18. Ne5
{[%clk 0:11:19]} Bd6 {[%clk 0:08:06]} 19. Ng4 {[%clk 0:10:43]} Qe7
{[%clk 0:05:48]} 20. e5 {[%clk 0:09:39]} Bxa3 {[%clk 0:05:46]} 21. Bxa3
{[%clk 0:09:34]} Qxa3 {[%clk 0:05:48]} 22. Nxh6+ {[%clk 0:09:32]} gxh6
{[%clk 0:02:43]} 23. Qg4+ {[%clk 0:09:33]} Kh8 {[%clk 0:02:46]} 24. Qh4
{[%clk 0:09:37]} Kg7 {[%clk 0:02:49]} 25. Qf6+ {[%clk 0:09:35]} Kg8
{[%clk 0:02:53]} 26. Qxh6 {[%clk 0:09:37]} f5 {[%clk 0:02:51]} 27. exf6
{[%clk 0:09:35]} Rf7 {[%clk 0:02:04]} 28. Qg5+ {[%clk 0:08:45]} Kf8
{[%clk 0:01:26]} 29. Bg6 {[%clk 0:08:36]} Rcc7 {[%clk 0:00:09]} 30. Rd3
{[%clk 0:08:39]} Qd6 {[%clk 0:00:06]} 31. Rh3 {[%clk 0:08:37]} Ke8
{[%clk 0:00:06]} 32. Rh8+ {[%clk 0:08:36]} Kd7 {[%clk 0:00:11]} 33. Bxf7
{[%clk 0:08:38]} Kc6 {[%clk 0:00:12]} 34. Rc1+ {[%clk 0:08:24]} Kd7
{[%clk 0:00:17]} 35. Be8+ {[%clk 0:08:23]} 1-0

[Event "Göteborg Open 2016"]
[Site "Idrottsvägen 2, Mölnlycke, Sweden"]
[Date "2016.08.19"]
[Round "2.2"]
[White "Nilsson, Patrik"]
[Black "Blomqvist, Erik"]
[Result "0-1"]
[BlackElo "2557"]
[WhiteElo "2150"]
[LiveChessVersion "1.4.8"]

1. f4 {[%clk 0:15:06]} g6 {[%clk 0:15:05]} 2. Nf3 {[%clk 0:15:07]} Bg7
{[%clk 0:15:09]} 3. g3 {[%clk 0:15:05]} c6 {[%clk 0:15:09]} 4. Bg2
{[%clk 0:14:59]} Qb6 {[%clk 0:15:11]} 5. Nc3 {[%clk 0:14:41]} d5 {[%clk 0:15:14]}
6. e3 {[%clk 0:14:38]} Nd7 {[%clk 0:15:12]} 7. O-O {[%clk 0:14:34]} Nh6
{[%clk 0:15:12]} 8. d3 {[%clk 0:14:20]} Nf5 {[%clk 0:15:07]} 9. Qe1
{[%clk 0:13:53]} h5 {[%clk 0:14:31]} 10. Kh1 {[%clk 0:13:10]} h4 {[%clk 0:14:17]}
11. g4 {[%clk 0:11:34]} h3 {[%clk 0:14:17]} 12. Bxh3 {[%clk 0:11:34]} Rxh3
{[%clk 0:14:11]} 13. gxf5 {[%clk 0:11:36]} gxf5 {[%clk 0:13:52]} 14. Qe2
{[%clk 0:10:08]} Nf8 {[%clk 0:12:04]} 15. Qg2 {[%clk 0:09:09]} Rh7
{[%clk 0:12:07]} 16. Rg1 {[%clk 0:09:04]} Ng6 {[%clk 0:11:30]} 17. Bd2
{[%clk 0:07:58]} Be6 {[%clk 0:09:33]} 18. Rab1 {[%clk 0:05:15]} O-O-O
{[%clk 0:09:13]} 19. d4 {[%clk 0:03:57]} Qa6 {[%clk 0:08:38]} 20. Be1
{[%clk 0:03:47]} Rdh8 {[%clk 0:08:18]} 21. Bg3 {[%clk 0:03:48]} Bf6
{[%clk 0:08:07]} 22. Qe2 {[%clk 0:03:26]} Qxe2 {[%clk 0:07:36]} 23. Nxe2
{[%clk 0:03:29]} b6 {[%clk 0:07:26]} 24. b4 {[%clk 0:03:27]} Rh5 {[%clk 0:06:51]}
25. Nc1 {[%clk 0:03:26]} Kc7 {[%clk 0:06:43]} 26. Nd3 {[%clk 0:03:30]} Bc8
{[%clk 0:06:46]} 27. a4 {[%clk 0:03:28]} Bb7 {[%clk 0:05:42]} 28. Rb2
{[%clk 0:03:15]} Rc8 {[%clk 0:05:22]} 29. Rc1 {[%clk 0:03:08]} Kd7
{[%clk 0:05:20]} 30. Kg1 {[%clk 0:03:10]} Rhh8 {[%clk 0:04:51]} 31. Nde5+
{[%clk 0:03:01]} Bxe5 {[%clk 0:04:44]} 32. Nxe5+ {[%clk 0:02:40]} Nxe5
{[%clk 0:04:47]} 33. fxe5 {[%clk 0:02:35]} Ke6 {[%clk 0:04:43]} 34. Kf2
{[%clk 0:02:27]} Rc7 {[%clk 0:04:35]} 35. a5 {[%clk 0:02:22]} bxa5
{[%clk 0:04:20]} 36. bxa5 {[%clk 0:02:25]} Ba6 {[%clk 0:04:24]} 37. Rcb1
{[%clk 0:02:26]} c5 {[%clk 0:04:24]} 38. c3 {[%clk 0:02:30]} cxd4
{[%clk 0:04:12]} 39. cxd4 {[%clk 0:02:33]} Rhc8 {[%clk 0:04:14]} 40. Kf3
{[%clk 0:02:17]} Bd3 {[%clk 0:04:09]} 41. Rd1 {[%clk 0:02:07]} Bc2
{[%clk 0:03:49]} 42. Rd2 {[%clk 0:02:04]} Be4+ {[%clk 0:03:45]} 43. Ke2
{[%clk 0:02:06]} Rc6 {[%clk 0:03:26]} 44. Rb7 {[%clk 0:01:57]} Ra6
{[%clk 0:03:09]} 45. Ra2 {[%clk 0:01:54]} Rc4 {[%clk 0:02:19]} 46. Be1
{[%clk 0:01:49]} f4 {[%clk 0:02:00]} 47. exf4 {[%clk 0:01:49]} f6
{[%clk 0:01:19]} 48. exf6 {[%clk 0:01:50]} exf6 {[%clk 0:01:23]} 49. Bd2
{[%clk 0:01:47]} Kf5 {[%clk 0:01:18]} 50. Ke3 {[%clk 0:01:48]} Re6
{[%clk 0:01:18]} 51. Kf2 {[%clk 0:01:42]} a6 {[%clk 0:01:06]} 52. Be3
{[%clk 0:01:46]} Rc3 {[%clk 0:00:51]} 53. Rb6 {[%clk 0:01:43]} Re8
{[%clk 0:00:56]} 54. Re2 {[%clk 0:01:40]} Bd3 {[%clk 0:00:49]} 55. Re1
{[%clk 0:01:43]} Rc2+ {[%clk 0:00:50]} 56. Kg3 {[%clk 0:01:05]} Rg8+
{[%clk 0:00:53]} 57. Kh3 {[%clk 0:01:02]} Rh8+ {[%clk 0:00:53]} 58. Kg3
{[%clk 0:01:06]} Rcxh2 {[%clk 0:00:47]} 0-1

[Event "Göteborg Open 2016"]
[Site "Idrottsvägen 2, Mölnlycke, Sweden"]
[Date "2016.08.19"]
[Round "2.3"]
[White "Hector, Jonny"]
[Black "Svensson, Leif"]
[Result "1-0"]
[BlackElo "2091"]
[WhiteElo "2518"]
[LiveChessVersion "1.4.8"]

1. e4 {[%clk 0:15:06]} Nf6 {[%clk 0:14:58]} 2. Nc3 {[%clk 0:15:08]} d5
{[%clk 0:14:50]} 3. e5 {[%clk 0:15:10]} Ne4 {[%clk 0:14:51]} 4. Nce2
{[%clk 0:15:12]} f6 {[%clk 0:14:16]} 5. d3 {[%clk 0:15:08]} Ng5 {[%clk 0:14:04]}
6. Bxg5 {[%clk 0:15:00]} fxg5 {[%clk 0:14:08]} 7. h4 {[%clk 0:14:58]} g4
{[%clk 0:10:46]} 8. Nf4 {[%clk 0:14:39]} Bf5 {[%clk 0:10:19]} 9. f3
{[%clk 0:13:45]} h5 {[%clk 0:09:51]} 10. Nge2 {[%clk 0:12:22]} c5
{[%clk 0:07:14]} 11. Ng3 {[%clk 0:12:07]} Qd7 {[%clk 0:07:16]} 12. Qe2
{[%clk 0:11:23]} Be6 {[%clk 0:05:34]} 13. Ngxh5 {[%clk 0:09:47]} Nc6
{[%clk 0:05:36]} 14. Nxe6 {[%clk 0:09:15]} Qxe6 {[%clk 0:05:39]} 15. Nf4
{[%clk 0:09:08]} Qf5 {[%clk 0:05:19]} 16. Nxd5 {[%clk 0:08:45]} O-O-O
{[%clk 0:05:15]} 17. fxg4 {[%clk 0:07:45]} Qd7 {[%clk 0:03:27]} 18. Ne3
{[%clk 0:07:19]} Nd4 {[%clk 0:03:21]} 19. Qf2 {[%clk 0:07:06]} Qe6
{[%clk 0:03:18]} 20. c3 {[%clk 0:06:48]} 1-0

[Event "Göteborg Open 2016"]
[Site "Idrottsvägen 2, Mölnlycke, Sweden"]
[Date "2016.08.19"]
[Round "2.4"]
[White "Eriksson, Kristian"]
[Black "Westerberg, Jonathan"]
[Result "0-1"]
[BlackElo "2488"]
[WhiteElo "2054"]
[LiveChessVersion "1.4.8"]

1. e4 {[%clk 0:15:05]} c5 {[%clk 0:14:33]} 2. Nf3 {[%clk 0:15:07]} e6
{[%clk 0:14:36]} 3. Nc3 a6 4. d4 {[%clk 0:15:09]} cxd4 {[%clk 0:14:45]} 5. Nxd4
{[%clk 0:15:11]} b5 {[%clk 0:14:49]} 6. Bd3 {[%clk 0:15:06]} Qb6 {[%clk 0:14:50]}
7. Nb3 {[%clk 0:14:50]} Qc7 {[%clk 0:14:47]} 8. O-O {[%clk 0:14:39]} Bb7
{[%clk 0:14:50]} 9. f4 {[%clk 0:14:01]} d6 {[%clk 0:14:54]} 10. a3
{[%clk 0:13:38]} Nd7 {[%clk 0:14:54]} 11. Qf3 {[%clk 0:13:17]} Ngf6
{[%clk 0:14:35]} 12. Bd2 {[%clk 0:13:15]} Be7 {[%clk 0:14:14]} 13. Rae1
{[%clk 0:13:09]} O-O 14. Qh3 {[%clk 0:12:40]} g6 {[%clk 0:14:00]} 15. Kh1
{[%clk 0:11:26]} Rfe8 {[%clk 0:13:50]} 16. Nd4 {[%clk 0:10:39]} Bf8
{[%clk 0:12:10]} 17. Nf3 {[%clk 0:10:22]} Bg7 {[%clk 0:12:07]} 18. e5
{[%clk 0:09:47]} Nd5 {[%clk 0:12:07]} 19. Ne4 {[%clk 0:09:27]} dxe5
{[%clk 0:10:33]} 20. fxe5 {[%clk 0:09:15]} Nxe5 {[%clk 0:10:23]} 21. Nxe5
{[%clk 0:08:54]} Bxe5 {[%clk 0:10:14]} 22. Ng5 {[%clk 0:08:42]} f6
{[%clk 0:07:37]} 23. Rxe5 {[%clk 0:08:34]} fxg5 {[%clk 0:07:40]} 24. Rxg5
{[%clk 0:07:48]} Qg7 {[%clk 0:07:04]} 25. Re1 {[%clk 0:05:58]} e5
{[%clk 0:06:42]} 26. Qg3 {[%clk 0:05:10]} Nf4 {[%clk 0:06:29]} 27. Be4
{[%clk 0:04:40]} Bxe4 {[%clk 0:06:14]} 28. Rxe4 Rad8 29. Qb3+ {[%clk 0:04:05]}
Qf7 {[%clk 0:06:08]} 30. Qc3 {[%clk 0:03:47]} Ne2 {[%clk 0:05:56]} 31. Rxe2
{[%clk 0:01:53]} Qf1# {[%clk 0:05:58]} 0-1

[Event "Göteborg Open 2016"]
[Site "Idrottsvägen 2, Mölnlycke, Sweden"]
[Date "2016.08.19"]
[Round "2.5"]
[White "Antonsen, Mikkel"]
[Black "Wilton, Lars"]
[Result "1-0"]
[BlackElo "2087"]
[WhiteElo "2475"]
[LiveChessVersion "1.4.8"]

1. d4 {[%clk 0:15:06]} Nf6 {[%clk 0:15:00]} 2. c4 {[%clk 0:15:11]} e5
{[%clk 0:14:13]} 3. dxe5 {[%clk 0:15:13]} Ng4 {[%clk 0:14:17]} 4. Bf4
{[%clk 0:14:57]} Nc6 {[%clk 0:13:42]} 5. Nf3 {[%clk 0:15:01]} Bb4+
{[%clk 0:12:13]} 6. Nc3 {[%clk 0:15:04]} Qe7 {[%clk 0:11:23]} 7. Rc1
{[%clk 0:15:00]} Ngxe5 {[%clk 0:11:00]} 8. Nxe5 {[%clk 0:15:04]} Nxe5
{[%clk 0:11:04]} 9. e3 {[%clk 0:15:07]} O-O {[%clk 0:09:36]} 10. Be2
{[%clk 0:14:44]} d6 {[%clk 0:09:39]} 11. O-O {[%clk 0:14:45]} Bxc3
{[%clk 0:08:52]} 12. Rxc3 {[%clk 0:14:49]} Bd7 {[%clk 0:08:51]} 13. c5
{[%clk 0:14:37]} Bc6 {[%clk 0:05:06]} 14. cxd6 {[%clk 0:14:39]} cxd6
{[%clk 0:05:07]} 15. b4 {[%clk 0:14:38]} Rad8 {[%clk 0:04:50]} 16. b5
{[%clk 0:14:22]} Be4 {[%clk 0:04:48]} 17. Qd4 {[%clk 0:14:00]} Ng6
{[%clk 0:04:37]} 18. Bg3 {[%clk 0:13:56]} b6 {[%clk 0:04:03]} 19. Rfc1
{[%clk 0:13:54]} Rd7 {[%clk 0:03:51]} 20. Rc4 {[%clk 0:11:43]} Re8
{[%clk 0:03:53]} 21. h4 {[%clk 0:11:34]} h6 {[%clk 0:03:36]} 22. h5
{[%clk 0:11:27]} Nf8 {[%clk 0:03:32]} 23. Rc8 {[%clk 0:10:46]} Rdd8
{[%clk 0:03:16]} 24. R8c7 {[%clk 0:10:28]} Rd7 {[%clk 0:02:54]} 25. Rxd7
{[%clk 0:10:24]} Qxd7 {[%clk 0:02:54]} 26. Qxd6 {[%clk 0:10:15]} Qb7
{[%clk 0:02:42]} 27. f3 {[%clk 0:09:11]} Bd5 {[%clk 0:02:32]} 28. e4
{[%clk 0:08:26]} Bxa2 {[%clk 0:02:17]} 29. Qc6 {[%clk 0:08:29]} Qe7
{[%clk 0:02:07]} 30. Ra1 {[%clk 0:07:35]} Be6 {[%clk 0:02:07]} 31. Bd6
{[%clk 0:07:34]} Qg5 {[%clk 0:02:01]} 32. Qxe8 {[%clk 0:07:31]} 1-0

[Event "Göteborg Open 2016"]
[Site "Idrottsvägen 2, Mölnlycke, Sweden"]
[Date "2016.08.19"]
[Round "2.6"]
[White "Petersson, Baldur Teodor"]
[Black "Winsnes, Rikard"]
[Result "1/2-1/2"]
[BlackElo "2395"]
[WhiteElo "2019"]
[LiveChessVersion "1.4.8"]

1. e4 {[%clk 0:15:08]} c5 {[%clk 0:15:06]} 2. Nc3 {[%clk 0:15:11]} Nc6
{[%clk 0:15:09]} 3. g3 {[%clk 0:15:15]} g6 {[%clk 0:15:12]} 4. Bg2
{[%clk 0:15:19]} Bg7 {[%clk 0:15:16]} 5. d3 {[%clk 0:15:22]} d6 {[%clk 0:15:08]}
6. f4 {[%clk 0:15:26]} e6 {[%clk 0:15:09]} 7. Nf3 {[%clk 0:15:30]} Nge7
{[%clk 0:15:12]} 8. O-O {[%clk 0:15:33]} O-O {[%clk 0:15:14]} 9. Be3
{[%clk 0:15:36]} Nd4 {[%clk 0:15:13]} 10. e5 {[%clk 0:15:40]} Nef5
{[%clk 0:13:52]} 11. Bf2 {[%clk 0:15:43]} Bd7 {[%clk 0:13:18]} 12. Ne4
{[%clk 0:13:44]} Bc6 {[%clk 0:09:02]} 13. Nxd4 {[%clk 0:10:59]} cxd4
{[%clk 0:08:25]} 14. g4 {[%clk 0:10:19]} Ne3 {[%clk 0:06:32]} 15. Bxe3
{[%clk 0:10:09]} dxe3 {[%clk 0:06:35]} 16. Nxd6 {[%clk 0:10:09]} Qb6
{[%clk 0:06:10]} 17. Qe2 {[%clk 0:09:03]} Qxb2 {[%clk 0:05:55]} 18. Nc4
{[%clk 0:08:29]} Qc3 {[%clk 0:05:41]} 19. Rab1 {[%clk 0:07:01]} Bxg2
{[%clk 0:04:48]} 20. Kxg2 {[%clk 0:06:40]} g5 {[%clk 0:04:04]} 21. Rb3
{[%clk 0:05:48]} Qd4 {[%clk 0:03:54]} 22. Qxe3 {[%clk 0:05:51]} Qxe3
{[%clk 0:03:47]} 23. Nxe3 {[%clk 0:05:55]} gxf4 {[%clk 0:03:47]} 24. Nc4
{[%clk 0:05:59]} Rab8 {[%clk 0:03:44]} 25. a4 {[%clk 0:05:00]} f6
{[%clk 0:03:25]} 26. Rxf4 {[%clk 0:03:39]} fxe5 {[%clk 0:03:29]} 27. Rxf8+
{[%clk 0:03:43]} Kxf8 {[%clk 0:03:13]} 28. Rb5 {[%clk 0:03:47]} a6
{[%clk 0:02:55]} 29. Rb6 {[%clk 0:02:13]} e4 {[%clk 0:02:05]} 30. Rxe6
{[%clk 0:01:34]} exd3 {[%clk 0:02:08]} 31. cxd3 {[%clk 0:01:37]} Rd8
{[%clk 0:02:06]} 32. Re3 {[%clk 0:01:12]} b5 {[%clk 0:02:06]} 33. axb5
{[%clk 0:01:15]} axb5 {[%clk 0:02:11]} 34. Na5 {[%clk 0:01:07]} b4
{[%clk 0:02:08]} 35. Nc6 {[%clk 0:00:59]} Rd6 {[%clk 0:01:58]} 36. Nxb4
{[%clk 0:01:02]} Rd4 {[%clk 0:02:02]} 37. Re4 {[%clk 0:01:01]} Rd6
{[%clk 0:02:06]} 38. Kf3 {[%clk 0:00:57]} Bc3 {[%clk 0:02:09]} 39. Ke3
{[%clk 0:00:54]} Rh6 {[%clk 0:02:12]} 40. Nd5 {[%clk 0:00:54]} Rh3+
{[%clk 0:02:04]} 41. Kf2 {[%clk 0:00:41]} Rxd3 {[%clk 0:02:07]} 42. Nxc3
{[%clk 0:00:42]} Rxc3 {[%clk 0:02:11]} 43. Rf4+ {[%clk 0:00:45]} Kg7
{[%clk 0:02:15]} 44. Kg2 {[%clk 0:00:47]} Kg6 {[%clk 0:02:17]} 45. h4
{[%clk 0:00:47]} Ra3 {[%clk 0:02:20]} 46. Rb4 {[%clk 0:00:51]} Kg7
{[%clk 0:02:23]} 47. Rb6 {[%clk 0:00:55]} Ra4 {[%clk 0:02:26]} 48. Kg3
{[%clk 0:00:58]} Ra3+ {[%clk 0:02:30]} 49. Kf4 {[%clk 0:01:01]} Ra4+
{[%clk 0:02:34]} 50. Kf3 1/2-1/2

[Event "Göteborg Open 2016"]
[Site "Idrottsvägen 2, Mölnlycke, Sweden"]
[Date "2016.08.19"]
[Round "2.7"]
[White "Golubka, Petro"]
[Black "Karlsson, Ulf"]
[Result "1-0"]
[BlackElo "2036"]
[WhiteElo "2373"]
[LiveChessVersion "1.4.8"]

1. d4 {[%clk 0:15:06]} Nf6 {[%clk 0:15:00]} 2. Nf3 {[%clk 0:15:05]} e6
{[%clk 0:15:00]} 3. Bg5 {[%clk 0:15:04]} Be7 {[%clk 0:15:01]} 4. e3
{[%clk 0:15:06]} d5 {[%clk 0:15:03]} 5. Bd3 {[%clk 0:15:04]} c5 {[%clk 0:15:01]}
6. c3 {[%clk 0:15:07]} Nc6 {[%clk 0:14:59]} 7. Nbd2 {[%clk 0:15:09]} h6
{[%clk 0:14:54]} 8. Bxf6 {[%clk 0:14:52]} Bxf6 {[%clk 0:14:40]} 9. dxc5
{[%clk 0:14:55]} e5 {[%clk 0:14:39]} 10. e4 {[%clk 0:14:59]} O-O {[%clk 0:14:06]}
11. exd5 {[%clk 0:14:43]} Qxd5 {[%clk 0:14:08]} 12. Ne4 {[%clk 0:14:45]} Rd8 13.
Bc2 Qe6 1-0

[Event "Göteborg Open 2016"]
[Site "Idrottsvägen 2, Mölnlycke, Sweden"]
[Date "2016.08.19"]
[Round "2.8"]
[White "Degerfeldt, Sven"]
[Black "Fries-Nielsen, Jens Ove"]
[Result "0-1"]
[BlackElo "2369"]
[WhiteElo "1952"]
[LiveChessVersion "1.4.8"]

1. d4 {[%clk 0:15:07]} d5 {[%clk 0:14:40]} 2. c4 {[%clk 0:14:57]} e6
{[%clk 0:14:36]} 3. Nc3 {[%clk 0:14:58]} c6 {[%clk 0:14:29]} 4. e3
{[%clk 0:14:06]} Nf6 {[%clk 0:14:26]} 5. Nf3 {[%clk 0:13:52]} Nbd7
{[%clk 0:14:19]} 6. cxd5 {[%clk 0:11:09]} exd5 {[%clk 0:14:19]} 7. Bd3
{[%clk 0:11:12]} Bd6 {[%clk 0:14:17]} 8. b3 {[%clk 0:11:00]} O-O {[%clk 0:14:17]}
9. Bb2 {[%clk 0:11:00]} Re8 {[%clk 0:14:21]} 10. Qc2 {[%clk 0:10:57]} Qe7
{[%clk 0:14:21]} 11. h3 {[%clk 0:10:26]} a5 {[%clk 0:14:19]} 12. a4
{[%clk 0:10:03]} Ne4 {[%clk 0:14:12]} 13. Bxe4 {[%clk 0:10:03]} dxe4
{[%clk 0:14:12]} 14. Nd2 {[%clk 0:10:07]} Nf6 {[%clk 0:14:00]} 15. Nc4
{[%clk 0:10:10]} Bc7 {[%clk 0:13:36]} 16. Ba3 {[%clk 0:10:00]} Qd8
{[%clk 0:13:15]} 17. O-O-O {[%clk 0:09:45]} Nd5 {[%clk 0:13:09]} 18. Nxd5
{[%clk 0:09:40]} cxd5 {[%clk 0:13:00]} 19. Nd2 {[%clk 0:09:44]} b5
{[%clk 0:12:12]} 20. axb5 {[%clk 0:09:26]} Rb8 {[%clk 0:12:16]} 21. Qc5
{[%clk 0:08:53]} Bd7 {[%clk 0:12:08]} 22. Kb1 {[%clk 0:08:34]} Rxb5
{[%clk 0:12:12]} 23. Qc2 {[%clk 0:08:34]} a4 {[%clk 0:12:03]} 24. Rc1
{[%clk 0:08:02]} Ba5 {[%clk 0:11:40]} 25. b4 {[%clk 0:07:46]} Bxb4
{[%clk 0:11:34]} 26. Bxb4 {[%clk 0:07:50]} Rxb4+ {[%clk 0:11:32]} 27. Ka1
{[%clk 0:07:54]} a3 {[%clk 0:10:59]} 28. Qc5 {[%clk 0:07:20]} Rb2
{[%clk 0:10:50]} 29. Rc2 {[%clk 0:06:50]} Qb8 {[%clk 0:10:07]} 30. Rb1
{[%clk 0:06:40]} Rxb1+ {[%clk 0:09:08]} 31. Nxb1 {[%clk 0:06:43]} Rc8
{[%clk 0:09:01]} 0-1

[Event "Göteborg Open 2016"]
[Site "Idrottsvägen 2, Mölnlycke, Sweden"]
[Date "2016.08.19"]
[Round "2.9"]
[White "Ernst, Thomas"]
[Black "Westergren, Bertil"]
[Result "1/2-1/2"]
[BlackElo "1947"]
[WhiteElo "2357"]
[LiveChessVersion "1.4.8"]

1. e4 {[%clk 0:15:07]} c6 {[%clk 0:15:04]} 2. Nc3 {[%clk 0:15:08]} d5
{[%clk 0:15:02]} 3. Nf3 {[%clk 0:15:11]} dxe4 {[%clk 0:15:01]} 4. Nxe4
{[%clk 0:15:14]} Bg4 {[%clk 0:14:58]} 5. Bc4 {[%clk 0:14:38]} e6 {[%clk 0:14:48]}
6. h3 {[%clk 0:14:36]} Bxf3 {[%clk 0:14:45]} 7. Qxf3 {[%clk 0:14:39]} Nd7
{[%clk 0:14:32]} 8. Bb3 {[%clk 0:14:29]} Ngf6 {[%clk 0:14:32]} 9. d4
{[%clk 0:14:28]} Be7 {[%clk 0:14:19]} 10. O-O {[%clk 0:14:24]} Nxe4
{[%clk 0:14:15]} 11. Qxe4 {[%clk 0:14:26]} Nf6 {[%clk 0:14:17]} 12. Qd3
{[%clk 0:14:24]} O-O {[%clk 0:14:04]} 13. Rd1 {[%clk 0:14:18]} Qc7
{[%clk 0:13:54]} 14. c4 {[%clk 0:14:11]} Rfd8 {[%clk 0:13:32]} 15. Be3
{[%clk 0:14:07]} Rd7 {[%clk 0:13:06]} 16. Qe2 {[%clk 0:14:04]} b6
{[%clk 0:12:35]} 17. Rd3 {[%clk 0:13:39]} Rad8 {[%clk 0:12:07]} 18. Rad1
{[%clk 0:13:41]} Bd6 {[%clk 0:10:33]} 19. Qf3 {[%clk 0:13:08]} Be7
{[%clk 0:10:24]} 20. Ba4 {[%clk 0:12:16]} Rc8 {[%clk 0:10:09]} 21. Bf4
{[%clk 0:11:57]} Bd6 {[%clk 0:09:46]} 22. Bg5 {[%clk 0:11:53]} Be7
{[%clk 0:09:49]} 23. Bc2 {[%clk 0:11:43]} Ne8 {[%clk 0:09:10]} 24. Bf4
{[%clk 0:10:52]} Bd6 {[%clk 0:08:54]} 25. Be3 {[%clk 0:10:46]} Rcd8
{[%clk 0:08:34]} 26. Ba4 {[%clk 0:10:08]} Rc8 {[%clk 0:08:36]} 27. Kh1
{[%clk 0:09:25]} g6 {[%clk 0:08:34]} 28. c5 {[%clk 0:09:04]} Bf8 {[%clk 0:07:54]}
29. Bf4 {[%clk 0:07:56]} Qb7 {[%clk 0:07:40]} 30. cxb6 {[%clk 0:07:26]} axb6
{[%clk 0:07:36]} 31. Be5 {[%clk 0:07:16]} Bg7 {[%clk 0:07:15]} 32. Rc1
{[%clk 0:06:44]} b5 {[%clk 0:06:32]} 33. Bb3 {[%clk 0:06:42]} Bxe5
{[%clk 0:06:10]} 34. dxe5 {[%clk 0:06:43]} Rxd3 {[%clk 0:05:46]} 35. Qxd3
{[%clk 0:06:46]} Qc7 {[%clk 0:05:45]} 36. Qc3 {[%clk 0:05:52]} Qb6
{[%clk 0:05:21]} 37. Qc5 {[%clk 0:05:33]} Qd8 {[%clk 0:04:54]} 38. Rd1
{[%clk 0:05:21]} Qg5 {[%clk 0:04:35]} 39. Rd3 {[%clk 0:04:37]} Ng7
{[%clk 0:03:42]} 40. Rd6 {[%clk 0:04:19]} Nf5 {[%clk 0:03:35]} 41. Rxc6
{[%clk 0:04:10]} Rxc6 {[%clk 0:03:36]} 42. Qxc6 {[%clk 0:04:14]} Nd4
{[%clk 0:03:26]} 43. Qe4 {[%clk 0:03:43]} Qc1+ {[%clk 0:03:16]} 44. Kh2 Qxb2
{[%clk 0:03:15]} 45. f3 {[%clk 0:03:26]} Nxb3 {[%clk 0:03:17]} 46. axb3
{[%clk 0:03:29]} Qxb3 {[%clk 0:03:20]} 47. Qa8+ {[%clk 0:03:30]} Kg7
{[%clk 0:03:23]} 48. Qd8 {[%clk 0:03:33]} b4 {[%clk 0:03:15]} 49. Qf6+
{[%clk 0:03:35]} Kg8 1/2-1/2

[Event "Göteborg Open 2016"]
[Site "Idrottsvägen 2, Mölnlycke, Sweden"]
[Date "2016.08.19"]
[Round "2.10"]
[White "Westerlund, Ola"]
[Black "Kazakovskiy, Valeriy"]
[Result "0-1"]
[BlackElo "2342"]
[WhiteElo "1946"]
[LiveChessVersion "1.4.8"]

1. d4 {[%clk 0:15:08]} Nf6 {[%clk 0:15:03]} 2. c4 {[%clk 0:15:10]} e6
{[%clk 0:15:06]} 3. Nf3 {[%clk 0:15:14]} Bb4+ {[%clk 0:15:08]} 4. Bd2
{[%clk 0:15:14]} Qe7 {[%clk 0:15:11]} 5. g3 {[%clk 0:15:17]} Nc6 {[%clk 0:15:11]}
6. Bg2 {[%clk 0:15:12]} Bxd2+ {[%clk 0:15:12]} 7. Qxd2 {[%clk 0:15:15]} Ne4
{[%clk 0:15:12]} 8. Qc2 {[%clk 0:15:18]} Qb4+ {[%clk 0:15:15]} 9. Kf1
{[%clk 0:11:29]} d5 {[%clk 0:13:35]} 10. cxd5 {[%clk 0:10:28]} exd5
{[%clk 0:13:31]} 11. e3 {[%clk 0:05:01]} Bf5 {[%clk 0:12:45]} 12. Qe2
{[%clk 0:04:24]} O-O {[%clk 0:11:38]} 13. Na3 {[%clk 0:02:10]} Rfe8
{[%clk 0:10:41]} 14. Rd1 {[%clk 0:01:29]} Nc3 {[%clk 0:07:35]} 15. bxc3
{[%clk 0:01:23]} Qxa3 {[%clk 0:07:38]} 16. Qd2 {[%clk 0:00:58]} Be4
{[%clk 0:07:12]} 17. Ne1 {[%clk 0:00:43]} Na5 {[%clk 0:07:01]} 18. Bxe4
{[%clk 0:00:47]} Rxe4 {[%clk 0:07:03]} 19. Qc2 {[%clk 0:00:33]} Nc4
{[%clk 0:06:52]} 20. Nd3 {[%clk 0:00:29]} Rxe3 {[%clk 0:06:06]} 21. Ne5
{[%clk 0:00:07]} Rxc3 {[%clk 0:05:52]} 22. Nxc4 {[%clk 0:00:10]} Rxc4
{[%clk 0:05:53]} 23. Qd2 {[%clk 0:00:09]} Qf3 {[%clk 0:05:49]} 0-1

[Event "Göteborg Open 2016"]
[Site "Idrottsvägen 2, Mölnlycke, Sweden"]
[Date "2016.08.19"]
[Round "3.1"]
[White "Hultin, Johan"]
[Black "Greenfeld, Alon"]
[Result "0-1"]
[BlackElo "2568"]
[WhiteElo "2340"]
[LiveChessVersion "1.4.8"]

1. d4 {[%clk 0:15:09]} e6 {[%clk 0:14:55]} 2. c4 {[%clk 0:15:11]} b6
{[%clk 0:14:58]} 3. e4 {[%clk 0:15:15]} Bb7 {[%clk 0:15:01]} 4. Bd3
{[%clk 0:15:18]} Bb4+ {[%clk 0:15:03]} 5. Kf1 {[%clk 0:15:21]} Be7
{[%clk 0:15:07]} 6. Nc3 {[%clk 0:15:24]} d6 {[%clk 0:15:05]} 7. Nf3
{[%clk 0:15:27]} Nd7 {[%clk 0:15:08]} 8. g3 {[%clk 0:15:31]} Bf6 {[%clk 0:15:09]}
9. Kg2 {[%clk 0:13:08]} Ne7 {[%clk 0:15:11]} 10. Be3 {[%clk 0:12:13]} O-O
{[%clk 0:15:04]} 11. Qd2 {[%clk 0:11:49]} a6 {[%clk 0:13:56]} 12. h4
{[%clk 0:11:42]} c5 {[%clk 0:12:18]} 13. d5 {[%clk 0:11:08]} b5 {[%clk 0:12:15]}
14. dxe6 {[%clk 0:08:53]} fxe6 {[%clk 0:12:14]} 15. Ng5 {[%clk 0:08:46]} Bxg5
{[%clk 0:11:34]} 16. hxg5 {[%clk 0:08:22]} Ne5 {[%clk 0:11:11]} 17. Bc2
{[%clk 0:06:41]} b4 {[%clk 0:09:12]} 18. Nd5 {[%clk 0:06:35]} exd5
{[%clk 0:08:35]} 19. exd5 {[%clk 0:06:38]} Nxc4 {[%clk 0:08:18]} 20. Bxh7+
{[%clk 0:05:51]} Kf7 {[%clk 0:08:21]} 21. Qe2 {[%clk 0:04:19]} Bxd5+
{[%clk 0:08:19]} 22. Kg1 {[%clk 0:04:15]} Ne5 {[%clk 0:07:58]} 23. f4
{[%clk 0:04:07]} Nf3+ {[%clk 0:06:40]} 24. Kf2 {[%clk 0:04:03]} g6
{[%clk 0:06:08]} 25. Qd3 {[%clk 0:03:55]} Ne5 {[%clk 0:04:31]} 26. fxe5
{[%clk 0:03:30]} Kg7+ {[%clk 0:04:35]} 27. Ke2 {[%clk 0:03:02]} Bf3+
{[%clk 0:04:35]} 28. Kd2 {[%clk 0:02:50]} Bxh1 {[%clk 0:04:38]} 29. Rxh1
{[%clk 0:02:54]} dxe5 {[%clk 0:04:32]} 30. Bxc5 {[%clk 0:02:58]} Qxd3+
{[%clk 0:04:03]} 31. Kxd3 {[%clk 0:03:02]} Rfd8+ {[%clk 0:04:03]} 32. Ke4
{[%clk 0:02:50]} Nf5 {[%clk 0:04:05]} 33. Kxe5 {[%clk 0:02:43]} Rh8
{[%clk 0:03:44]} 34. g4 {[%clk 0:02:41]} Ng3 {[%clk 0:03:29]} 35. Rh3
{[%clk 0:01:42]} Ne2 {[%clk 0:03:33]} 36. Be7 {[%clk 0:00:47]} Rxh7
{[%clk 0:03:17]} 0-1